000 00579nam a2200169 4500
001 115895
003 ES-MaACL
005 20231228173808.0
007 t|
008 061121s1941 sp r ||||1| spa d
100 1 _aOrs, Eugenio d',
_d1881-1954
_987358
245 1 3 _aEl secreto de la filosofía
_b: Doce lecciones, tres diálogos y, en apéndice, "La Filosofía en quinientas palabras" /
_cEugenio d'Ors.
260 _aBarcelona :
_bIberia,
_c1947.
300 _a407 p., I-XXVIII lám. ;
_c25 cm.
852 _aES-MaACL
_jC-4459
_bR.24452
999 _c115895
_d115895